000 00615cam a22002173a 4500
001 42082
003 PGUSA
005 20140828083941.0
008 130212s2013||||xxu|||||s|||||000 | eng d
040 _aPGUSA
_beng
042 _adc
100 1 _aReber, Franz von,
_d1834-1919
245 1 0 _aHistory of Ancient Art
_h[electronic resource] /
_cFranz von Reber
260 _bProject Gutenberg,
_c2013
506 _aPublic domain in the USA.
516 _aElectronic text
700 1 _aClarke, Joseph Thacher
830 0 _aProject Gutenberg
_v42082
856 4 0 _uhttp://www.gutenberg.org/ebooks/42082
942 _cEB
999 _c271334
_d271334